000 00398nam a22001577a 4500
003 OSt
008 210223b ||||| |||| 00| 0 eng d
020 _a9788129142153
100 _aKALAM, A P J Abdul
245 _aLearning How to Fly Life Lessons For the Youth
250 _a14th
260 _aNew Delhi
_bRupa Publication
_c2020
300 _a163
650 _aGeneral Books
942 _2ddc
_cBK
999 _c10497
_d10497